[Event "4th ch-EU"]
[Site "Liverpool ENG"]
[Date "2008.09.10"]
[Round "2"]
[White "David,Alb"]
[Black "Estremera Panos,S"]
[Result "1-0"]
[WhiteElo "2568"]
[BlackElo "2394"]
[EventDate "2008.09.09"]

1. e4 c5 2. Nf3 Nc6 3. Bb5 Nf6 4. Bxc6 dxc6 5. d3 Bg4 6. Nbd2 e5 7. h3 Bxf3
8. Qxf3 Bd6 9. Nc4 b5 10. Ne3 g6 11. Ng4 Ng8 12. Qe2 h5 13. Nh2 f6 14. Bd2
Qd7 15. O-O-O g5 16. h4 g4 17. f3 gxf3 18. Qxf3 Qe6 19. Kb1 O-O-O 20. g4
Rd7 21. Rdf1 hxg4 22. Nxg4 Rdh7 23. Be1 Be7 24. Rfg1 Bf8 25. Ne3 Ne7 26.
Rf1 Bh6 27. Bf2 Ng6 28. Nf5 Bf8 29. Bg3 Rh5 30. Qg4 1-0

[Event "4th ch-EU"]
[Site "Liverpool ENG"]
[Date "2008.09.10"]
[Round "2"]
[White "Eggleston,D"]
[Black "Dgebuadze,A"]
[Result "1/2-1/2"]
[WhiteElo "2372"]
[BlackElo "2562"]
[EventDate "2008.09.09"]

1. e4 e6 2. d4 d5 3. Nd2 Nf6 4. e5 Nfd7 5. c3 c5 6. Bd3 Nc6 7. Ne2 cxd4 8.
cxd4 f6 9. exf6 Nxf6 10. Nf3 Bd6 11. O-O Qc7 12. b3 O-O 13. Bb2 Bd7 14. Rc1
Rae8 15. Ng3 Qb8 16. Re1 Bf4 17. Rc3 Rf7 18. a3 Rfe7 19. Bb5 e5 20. Bxc6
bxc6 21. dxe5 Ng4 22. Rd3 Nxe5 23. Nxe5 Bxe5 24. Rde3 Qd6 25. Bxe5 Rxe5 26.
b4 Rxe3 27. Rxe3 Rxe3 28. fxe3 a5 29. Qd4 axb4 1/2-1/2

[Event "4th ch-EU"]
[Site "Liverpool ENG"]
[Date "2008.09.10"]
[Round "2"]
[White "Meier,Geo"]
[Black "Horner,J"]
[Result "1-0"]
[WhiteElo "2556"]
[BlackElo "2372"]
[EventDate "2008.09.09"]

1. e4 e5 2. Nf3 Nc6 3. Bb5 g6 4. d4 exd4 5. Bg5 f6 6. Bh4 Bg7 7. c3 d3 8.
e5 Nh6 9. O-O O-O 10. Bxd3 d6 11. exd6 cxd6 12. Bg3 d5 13. Nbd2 Nf5 14. Re1
Nxg3 15. hxg3 d4 16. c4 Bg4 17. Qb3 Qc7 18. c5+ Kh8 19. Nc4 Bxf3 20. gxf3
Ne5 21. Nxe5 fxe5 22. Kg2 Rf6 23. Rac1 h5 24. Be4 Rb8 25. Qd3 Bh6 26. Rc2
Kg7 27. b4 h4 28. b5 Rh8 29. b6 axb6 30. cxb6 Qxb6 31. Rb1 Qe6 32. Rxb7+
Rf7 33. Rc6 1-0

[Event "4th ch-EU"]
[Site "Liverpool ENG"]
[Date "2008.09.10"]
[Round "2"]
[White "Miezis,N"]
[Black "Astaneh Lopez,A"]
[Result "1-0"]
[WhiteElo "2540"]
[BlackElo "2357"]
[EventDate "2008.09.09"]

1. c4 e6 2. e4 d5 3. exd5 exd5 4. d4 Nf6 5. Nc3 Bb4 6. Bd3 O-O 7. Nge2 Nc6
8. O-O dxc4 9. Bxc4 Bf5 10. Bg5 h6 11. Bh4 Be7 12. Re1 Ne4 13. Bxe7 Nxe7
14. Nf4 Nd6 15. Bb3 Ng6 16. Nxg6 Bxg6 17. Re5 Kh8 18. Qg4 Qc8 19. Qf4 f6
20. Re7 Qd8 21. Rae1 Bf7 22. Bc2 Bg8 23. Bg6 f5 24. h4 Rc8 25. Qg3 Rf6 26.
h5 c6 27. R1e5 Qf8 28. Qf4 Rd8 29. b3 Bf7 30. Qg3 Bxg6 31. hxg6 f4 32. Qg4
f3 33. g3 Nf5 34. Rxb7 Rxd4 35. Qxf3 Nh4 36. Qxf6 gxf6 37. g7+ Qxg7 38.
Re8+ 1-0

[Event "4th ch-EU"]
[Site "Liverpool ENG"]
[Date "2008.09.10"]
[Round "2"]
[White "Radovanovic,J"]
[Black "Conquest,S"]
[Result "0-1"]
[WhiteElo "2325"]
[BlackElo "2536"]
[EventDate "2008.09.09"]

1. e4 g6 2. d4 Bg7 3. c4 Nc6 4. d5 Nd4 5. Ne2 c5 6. Nxd4 cxd4 7. Bd3 d6 8.
O-O Nf6 9. Nd2 O-O 10. Rb1 a5 11. b3 Qb6 12. h3 e5 13. a3 Qc7 14. b4 b6 15.
Qb3 Ba6 16. Rb2 Nd7 17. Nf3 Ra7 18. Bd2 Rfa8 19. Ra2 Bc8 20. Rfa1 Qd8 21.
Qb1 Qf8 22. Bc2 Ba6 23. Bd3 Bb7 24. Bc2 Ba6 25. Bd3 Bh6 26. Be1 Rc8 27. Rc2
f5 28. Nd2 Rac7 29. Rb2 Bxd2 30. Bxd2 fxe4 31. Bxe4 axb4 32. axb4 Bxc4 33.
Bg5 Qf7 34. Ra3 Bxd5 35. Rf3 Qe6 36. h4 Bxe4 37. Qxe4 d5 38. Qe2 e4 39. Rg3
Rc3 40. Qa6 Ne5 41. Bf4 Rxg3 42. fxg3 Nd3 43. Bh6 Qd7 44. Rb1 Ne5 45. Qxb6
Ng4 46. Bf4 d3 47. Ra1 d4 48. Qa6 Re8 49. Qc4+ Kg7 50. b5 Rc8 51. Qb3 Rc3
52. Qd1 e3 53. b6 d2 54. b7 Qxb7 55. Qxg4 Rc1+ 56. Kh2 Rxa1 57. Qe6 h5 58.
Be5+ Kh7 59. Qf6 Ra8 60. Qf3 Qxf3 0-1

[Event "4th ch-EU"]
[Site "Liverpool ENG"]
[Date "2008.09.10"]
[Round "2"]
[White "Ringoir,T"]
[Black "Wells,P"]
[Result "1/2-1/2"]
[WhiteElo "2321"]
[BlackElo "2526"]
[EventDate "2008.09.09"]

1. e4 e5 2. Nf3 Nc6 3. Bb5 a6 4. Ba4 Nf6 5. O-O Be7 6. Re1 b5 7. Bb3 d6 8.
c3 O-O 9. h3 Nb8 10. d4 Nbd7 11. Nbd2 Bb7 12. Bc2 Re8 13. Nf1 Bf8 14. Ng3
g6 15. a4 Bg7 16. Bd3 c6 17. Bg5 Qc7 18. Qd2 Nf8 19. b4 Ne6 20. Be3 Nd7 21.
Bf1 Nb6 22. a5 Nd7 23. Rac1 d5 24. exd5 cxd5 25. dxe5 Nxe5 26. Nxe5 Bxe5
27. Ne2 Rac8 28. Nd4 Qd8 29. Nxe6 Rxe6 30. Bd4 Qe7 31. Bxe5 Rxe5 32. Rxe5
Qxe5 33. g3 Kg7 34. Bg2 Rc4 35. Kf1 1/2-1/2

[Event "4th ch-EU"]
[Site "Liverpool ENG"]
[Date "2008.09.10"]
[Round "2"]
[White "Hebden,M"]
[Black "Priborsky,J"]
[Result "0-1"]
[WhiteElo "2520"]
[BlackElo "2344"]
[EventDate "2008.09.09"]

1. d4 Nf6 2. Nf3 g6 3. Nc3 d5 4. Bf4 Bg7 5. Qd2 O-O 6. Bh6 Nc6 7. Bxg7 Kxg7
8. e3 Qd6 9. Bb5 Bg4 10. Bxc6 Bxf3 11. gxf3 Qxc6 12. h4 Rfe8 13. O-O-O b5
14. Ne2 a5 15. Nf4 h5 16. Rhg1 b4 17. Kb1 Qc4 18. Rg5 Red8 19. Rdg1 Kf8 20.
Rxg6 fxg6 21. Nxg6+ Ke8 22. Ne5 Qa6 23. e4 Nd7 24. Rg8+ Nf8 25. Qd1 Qh6 26.
Qf1 c6 27. Qh3 Qh7 28. Qg3 Rd6 29. Rg7 Qh6 30. Nf7 Qd2 31. Nxd6+ exd6 32.
Qg1 Qxd4 33. exd5 cxd5 34. Rb7 Rc8 35. Qe1+ Qe5 36. Qf1 Nd7 37. Qg1 Qf5 38.
Qd1 Kd8 39. Ra7 d4 40. f4 Qc5 41. Rb7 Qc6 42. Ra7 Qb6 43. Rxd7+ Kxd7 44.
Qxh5 Qc5 45. Qh7+ Kc6 46. h5 Re8 0-1

[Event "4th ch-EU"]
[Site "Liverpool ENG"]
[Date "2008.09.10"]
[Round "2"]
[White "Rodriguez Lopez,Ra"]
[Black "Godena,M"]
[Result "1/2-1/2"]
[WhiteElo "2312"]
[BlackElo "2519"]
[EventDate "2008.09.09"]

1. d4 Nf6 2. Nf3 d5 3. c4 e6 4. g3 Bb4+ 5. Bd2 Be7 6. Bg2 O-O 7. O-O c6 8.
Qb3 Nbd7 9. Nc3 Nb6 10. c5 Nc4 11. Bg5 b6 12. cxb6 axb6 13. Rfd1 Ba6 14.
Rac1 Rc8 15. Nd2 h6 16. Bxf6 Bxf6 17. Nxc4 Bxc4 18. Qc2 c5 19. dxc5 Bxc3
20. bxc3 Rxc5 21. e4 Ra5 22. exd5 exd5 23. a4 Qf6 24. Bf1 Bxf1 25. Kxf1
Rfa8 26. Rd4 Qc6 27. Rcd1 Rxa4 28. Rxd5 Ra1 29. Qd3 Rxd1+ 30. Qxd1 Rc8 31.
Qf3 g6 32. Kg2 Kg7 33. h4 Re8 34. h5 Re6 35. hxg6 fxg6 36. c4 Rd6 37. Qc3+
Kf7 38. Qf3+ Kg7 1/2-1/2

[Event "4th ch-EU"]
[Site "Liverpool ENG"]
[Date "2008.09.10"]
[Round "2"]
[White "Carlsson,P"]
[Black "Logothetis,S"]
[Result "1/2-1/2"]
[WhiteElo "2514"]
[BlackElo "2318"]
[EventDate "2008.09.09"]

1. e4 c5 2. Nf3 e6 3. Nc3 Nc6 4. Bb5 Nd4 5. Bc4 Qc7 6. d3 a6 7. Nxd4 cxd4
8. Ne2 b5 9. Bb3 Bc5 10. O-O Ne7 11. c3 Nc6 12. Bf4 d6 13. Rc1 Qb6 14. cxd4
Nxd4 15. Nxd4 Bxd4 16. Qc2 Bd7 17. Qd2 1/2-1/2

[Event "4th ch-EU"]
[Site "Liverpool ENG"]
[Date "2008.09.10"]
[Round "2"]
[White "Bitalzadeh,A"]
[Black "Haslinger,S"]
[Result "1-0"]
[WhiteElo "2310"]
[BlackElo "2511"]
[EventDate "2008.09.09"]

1. c4 e5 2. g3 c6 3. d4 e4 4. Nc3 d5 5. cxd5 cxd5 6. Qb3 Nc6 7. Qxd5 Qxd5
8. Nxd5 Nxd4 9. Nc7+ Kd8 10. Nxa8 Nc2+ 11. Kd1 Nxa1 12. Bf4 Nf6 13. Kc1 Be6
14. Kb1 Nd5 15. Nh3 Nb3 16. axb3 Nxf4 17. Nxf4 Bxb3 18. Bh3 g5 19. Nd5 Bg7
20. Nac7 Ba4 21. Rc1 h5 22. Ne8 g4 23. Nxg7 gxh3 24. Rc4 Bd7 25. Nf6 Bc6
26. Nf5 Kc7 27. Nxe4 Rd8 28. Nc3 a5 29. Nd4 1-0

[Event "4th ch-EU"]
[Site "Liverpool ENG"]
[Date "2008.09.10"]
[Round "2"]
[White "Edouard,R"]
[Black "Daly,C"]
[Result "1-0"]
[WhiteElo "2508"]
[BlackElo "2311"]
[EventDate "2008.09.09"]

1. e4 e6 2. Nc3 d5 3. d4 Nf6 4. e5 Nfd7 5. f4 c5 6. Nf3 Nc6 7. Be3 cxd4 8.
Nxd4 Bc5 9. Qd2 O-O 10. O-O-O a6 11. Nb3 Bxe3 12. Qxe3 b5 13. Bd3 Qc7 14.
Qh3 g6 15. Qh6 Bb7 16. h4 Rfc8 17. h5 Nf8 18. f5 Qxe5 19. hxg6 fxg6 20. Nc5
Rc7 21. Rhe1 Qg7 22. Qxg7+ Kxg7 23. Nxe6+ Nxe6 24. Nxd5 Rd8 25. Nxc7 Nxc7
26. Be4 Kf8 27. fxg6 hxg6 28. Bxg6 Rxd1+ 29. Kxd1 Bc8 30. Be4 Ne5 31. Bf5
Bxf5 32. Rxe5 Be6 33. Rc5 Nd5 34. Rc6 Ke7 35. Rxa6 Ne3+ 36. Kd2 Nxg2 37.
Kc3 Ne3 38. Kb4 Bd7 39. c3 Nd5+ 40. Kc5 Nf4 41. Rd6 Ne6+ 42. Kd5 Ng5 43.
Rg6 Nf7 44. Ra6 Ng5 45. Ra7 Ne6 46. c4 bxc4 47. Kxc4 Kd6 48. a4 Nc7 49. Kb4
Kc6 50. Ka5 Kd6 51. b4 Nd5 52. b5 Ne7 53. Ra6+ Kc7 54. Rh6 Nd5 55. Rg6 Bc8
56. Rg7+ Kb8 57. Rg6 Bb7 58. Rg8+ Kc7 59. Rg6 Kc8 60. Rh6 Kc7 61. b6+ Kd7
62. Kb5 Nc3+ 63. Kb4 Nd5+ 64. Kc5 Nf4 65. Rh7+ Kc8 66. Kd6 Ba6 67. Kc6 Ng6
68. b7+ Kb8 69. Kb6 1-0

[Event "4th ch-EU"]
[Site "Liverpool ENG"]
[Date "2008.09.10"]
[Round "2"]
[White "Motoc,A"]
[Black "Gordon,S"]
[Result "1/2-1/2"]
[WhiteElo "2303"]
[BlackElo "2508"]
[EventDate "2008.09.09"]

1. d4 Nf6 2. c4 e6 3. Nc3 Bb4 4. Qc2 d5 5. cxd5 Qxd5 6. Nf3 Qf5 7. Qxf5
exf5 8. Bd2 c6 9. e3 Nbd7 10. Bd3 Nb6 11. O-O a5 12. a3 Bd6 13. b4 axb4 14.
axb4 Bxb4 15. Rxa8 Nxa8 16. Ra1 Nb6 17. Na4 Nbd5 18. Nb6 Nxb6 19. Bxb4 Nfd5
20. Bc5 f6 21. Nh4 g6 22. f3 Nd7 23. Bd6 Kf7 24. e4 N5b6 25. g4 fxe4 26.
fxe4 Re8 27. Rf1 Kg7 28. Nf3 h6 29. e5 Nd5 30. Nh4 Nf8 31. exf6+ Nxf6 32.
Be5 Rxe5 33. dxe5 Nxg4 34. Re1 h5 35. h3 Nh6 36. Kh2 g5 37. Rg1 g4 38. hxg4
Nxg4+ 39. Kg3 Nxe5 40. Bf5 Ne6 41. Re1 Kf6 42. Rf1 Ke7 43. Ng6+ Nxg6 44.
Bxg6 Nc7 45. Bxh5 Nd5 46. Kf2 b5 47. Bf3 Kd6 48. Bxd5 Kxd5 49. Rd1+ Kc5 50.
Ke3 Be6 51. Kd2 Kb4 52. Kc1 Kc3 53. Rd2 Bd5 54. Rh2 Be4 55. Rh3+ Bd3 56.
Rh5 Kb3 57. Rh3 Kc3 58. Rh5 Be4 59. Rh3+ Kd4 60. Kb2 c5 61. Rh8 c4 62. Rb8
Kc5 63. Rc8+ Bc6 64. Kc3 b4+ 65. Kb2 Kb6 66. Rb8+ Bb7 67. Rh8 Bd5 68. Rh3
Kc5 69. Rg3 Kd4 70. Rg4+ Kd3 71. Kc1 Be4 72. Rg3+ Kd4 73. Kb2 Bf5 74. Rg1
Bd3 75. Rg7 Ke3 76. Rb7 Kd2 77. Rxb4 c3+ 78. Ka1 c2 79. Rb2 Kd1 80. Rxc2
Bxc2 1/2-1/2

[Event "4th ch-EU"]
[Site "Liverpool ENG"]
[Date "2008.09.10"]
[Round "2"]
[White "Arkell,K"]
[Black "Carleton,J"]
[Result "1-0"]
[WhiteElo "2506"]
[BlackElo "2305"]
[EventDate "2008.09.09"]

1. d4 Nf6 2. Nf3 e6 3. c4 Nc6 4. Nc3 Bb4 5. Bd2 O-O 6. Qc2 d5 7. e3 a6 8.
cxd5 exd5 9. a3 Bd6 10. Bd3 Re8 11. h3 Be6 12. Ng5 h6 13. Nxe6 Rxe6 14. O-O
Qf8 15. Rac1 Ne7 16. f4 Nc6 17. g4 Rae8 18. g5 hxg5 19. fxg5 Ne4 20. Nxe4
Rxe4 21. Bxe4 Rxe4 22. g6 Qd8 23. gxf7+ Kf8 24. Rf3 Qg5+ 25. Kh1 Qh5 26.
Qd1 g5 27. Qf1 g4 28. Rf5 Qh7 29. Rg5 Ne7 30. Qg2 gxh3 31. Qf3 Qxf7 32.
Qxh3 Ke8 33. Rh5 Qe6 34. Qxe6 Rxe6 35. Rg1 Rf6 36. Be1 Rf3 37. Bh4 Nf5 38.
Kg2 Nxh4+ 39. Rxh4 Rxe3 40. Rh7 Re7 41. Rh8+ Kd7 42. Kf3 Re4 43. Rg4 Re1
44. Rh5 Kc6 45. Rg2 Rc1 46. Ke3 a5 47. Kd3 a4 48. Rf2 b5 49. Rff5 b4 50.
axb4 Bxb4 51. Rxd5 a3 52. bxa3 Bxa3 53. Ra5 Bd6 54. Ra4 Rd1+ 55. Kc2 Rf1
56. Rc4+ Kb6 57. Kd3 Rf4 58. Rc2 Kb7 59. Rh6 Rg4 60. Re6 Rh4 61. Re4 Rh5
62. Kc4 Kc6 63. Ra2 Kd7 64. Ra6 Rg5 65. Rh4 Rg7 66. Rh5 Rg1 67. Kd5 Rb1 68.
Rh7+ Kc8 69. Ra8+ Kb7 70. Rhh8 Rb5+ 71. Ke6 Kc6 72. Rhb8 Rb6 73. Rxb6+ Kxb6
74. Rb8+ Kc6 75. Rb2 Bf4 76. Rc2+ 1-0

[Event "4th ch-EU"]
[Site "Liverpool ENG"]
[Date "2008.09.10"]
[Round "2"]
[White "Trent,L"]
[Black "Rausis,I"]
[Result "0-1"]
[WhiteElo "2470"]
[BlackElo "2486"]
[EventDate "2008.09.09"]

1. d4 g6 2. e4 Bg7 3. Nc3 c6 4. Be3 d5 5. f3 Qb6 6. Na4 Qa5+ 7. c3 dxe4 8.
fxe4 Nf6 9. e5 Nd5 10. Bd2 b5 11. Nc5 Qb6 12. Nf3 Nd7 13. Nxd7 Bxd7 14. Bd3
O-O 15. Qe2 c5 16. Be4 Bc6 17. dxc5 Qxc5 18. Nd4 Rad8 19. Bf3 Be8 20. Rd1
Nb6 21. Bg5 Nc4 22. O-O Nxe5 23. Kh1 h6 24. Bh4 g5 25. Bf2 Qc7 26. Bg3 Qc4
27. Nf5 Rxd1 28. Nxe7+ Kh8 29. Qxc4 Nxc4 30. Rxd1 Nxb2 31. Rd6 Nc4 32. Ra6
Bd7 33. Rxa7 Rd8 34. h3 Bxc3 35. Bd5 Be8 36. Ra6 Bg7 37. Bf3 Bd7 38. Nd5
Nd2 39. Rd6 Nc4 40. Ra6 Nd2 41. Rd6 Rc8 42. Nc7 Rxc7 43. Rxd2 Rc1+ 44. Rd1
Rxd1+ 45. Bxd1 Bd4 46. Bd6 Kg7 47. Bf3 f5 48. g3 Kg6 49. Kg2 h5 50. Bd5 Kf6
51. a3 Be5 52. Bc5 f4 53. gxf4 Bxf4 54. Bd4+ Be5 55. Bc5 Bc3 56. Bd6 Be8
57. Kf2 Be5 58. Bc5 Kf5 59. Kf3 Bf4 60. Kg2 Ke5 61. Bf3 Bc1 62. Kg3 Bb2 63.
Be7 Kf5 64. Bc5 Ke6 65. Kf2 Be5 66. Be3 Bf6 67. Ke2 Be7 68. Bc1 Kf5 69. Kf2
Bd6 70. Kg2 Bc5 71. Kg3 Bd4 72. Kg2 Bb6 73. Bd2 Bc5 74. Bc1 Bd6 75. Bb2 g4
76. hxg4+ hxg4 77. Bb7 Bd7 78. Kf2 Kg5 79. Kg2 Kf4 80. Bc1+ Kf5 81. Bb2 Ke6
82. Kf2 Bf4 83. Bc3 Kd6 84. Bb4+ Kc7 85. Bg2 Bc6 86. Kf1 Bd6 87. Ba5+ Kd7
88. Bxc6+ Kxc6 89. Kg2 Kd5 90. Bd2 Kc4 91. Bc1 Kb3 92. Kf2 Kc2 0-1

[Event "4th ch-EU"]
[Site "Liverpool ENG"]
[Date "2008.09.10"]
[Round "2"]
[White "Kotronias,V"]
[Black "Tebb,D"]
[Result "1-0"]
[WhiteElo "2574"]
[BlackElo "2215"]
[EventDate "2008.09.09"]

1. e4 e5 2. Nf3 Nc6 3. Bb5 a6 4. Ba4 Nf6 5. O-O Be7 6. Re1 b5 7. Bb3 d6 8.
c3 O-O 9. h3 Rb8 10. a3 h6 11. d4 exd4 12. cxd4 d5 13. e5 Ne4 14. Nbd2 Nxd2
15. Bxd2 Bf5 16. Rc1 Qd7 17. Bc2 Bxc2 18. Qxc2 Rb6 19. Re3 Bd8 20. Qb3 Re8
21. Rc5 Ne7 22. Ne1 Rc6 23. Nd3 Rxc5 24. e6 Qc8 25. exf7+ Kxf7 26. Nxc5 c6
27. Qd3 Kg8 28. Qe2 Rf8 29. Rxe7 Bxe7 30. Qxe7 Rf6 31. g4 h5 32. Bg5 Rf7
33. Qe2 hxg4 34. hxg4 1-0

[Event "4th ch-EU"]
[Site "Liverpool ENG"]
[Date "2008.09.10"]
[Round "2"]
[White "Luther,T"]
[Black "Lam,P"]
[Result "1-0"]
[WhiteElo "2570"]
[BlackElo "2104"]
[EventDate "2008.09.09"]

1. e4 Nf6 2. e5 Nd5 3. d4 d6 4. c4 Nb6 5. exd6 exd6 6. Nc3 Be7 7. Bd3 Nc6
8. Nge2 O-O 9. O-O Bf6 10. b3 Bg4 11. Be3 Re8 12. Qd2 Nb4 13. Bb1 Bxe2 14.
Nxe2 c5 15. a3 Nc6 16. Ra2 Qe7 17. h3 a5 18. d5 Ne5 19. a4 Ned7 20. Qc1 Nc8
21. Ng3 g6 22. Re2 Qd8 23. Rfe1 Rf8 24. Ne4 Bg7 25. Bg5 Qb6 26. Bc2 f5 27.
Ng3 Ne5 28. Bd2 Qc7 29. f4 Nd7 30. Re6 Qd8 31. Ne2 Qh4 32. Bc3 Nf6 33. Rf1
b6 34. Be1 Qh6 35. Nc3 Ra7 36. Nb5 Rd7 37. Qd1 Ne8 38. Bd2 Nc7 39. Nxc7
Rxc7 40. Rfe1 Bd4+ 41. Kh1 Qg7 42. Qf3 Rd7 43. g4 Ne7 44. g5 Rf7 45. Kg2
Kf8 46. h4 Ke8 47. h5 Kd8 48. h6 Qh8 49. Qd3 Bb2 50. Rb1 Bd4 51. Bd1 Kc7
52. Bf3 Kc8 53. Be1 Kc7 54. Rd1 Bb2 55. Qc2 Kc8 56. Rd3 Kc7 57. Kg3 Kc8 58.
Bf2 Kc7 59. Re2 Ba3 60. Be3 Bb4 61. Bc1 Qd8 62. Bb2 Ng8 63. Re6 Qf8 64.
Rde3 1-0

[Event "4th ch-EU"]
[Site "Liverpool ENG"]
[Date "2008.09.10"]
[Round "2"]
[White "Hillarp Persson,T"]
[Black "Davies,Ni"]
[Result "1/2-1/2"]
[WhiteElo "2526"]
[BlackElo "2478"]
[EventDate "2008.09.09"]

1. e4 c5 2. Nf3 e6 3. d4 cxd4 4. Nxd4 a6 5. Bd3 Qb6 6. Nb3 Qc7 7. O-O d6 8.
a4 b6 9. Na3 Nf6 10. Nc4 Be7 11. a5 bxa5 12. Bd2 Nc6 13. Nbxa5 O-O 14. Nxc6
Qxc6 15. Qe2 Re8 16. Na5 Qc7 17. c4 Nd7 18. b4 Ne5 19. f4 Nxd3 20. Qxd3 Bd7
21. Rf3 d5 22. c5 Bb5 23. Qd4 dxe4 24. Qxe4 Rad8 25. Bc3 Rd5 26. Re1 Red8
27. f5 e5 28. Bxe5 Bxc5+ 29. bxc5 Qxa5 30. Bc3 Qa4 31. Qxa4 Bxa4 32. Rg3 g6
33. Bf6 Rc8 34. fxg6 fxg6 35. Be7 1/2-1/2

[Event "4th ch-EU"]
[Site "Liverpool ENG"]
[Date "2008.09.10"]
[Round "2"]
[White "Brown,Mart"]
[Black "Meijers,V"]
[Result "0-1"]
[WhiteElo "2072"]
[BlackElo "2496"]
[EventDate "2008.09.09"]

1. e4 c5 2. Nf3 e6 3. d4 cxd4 4. Nxd4 a6 5. Bd3 d6 6. O-O Nd7 7. c3 Ngf6 8.
Qe2 Qc7 9. Bg5 Be7 10. f4 b6 11. Nd2 O-O 12. N4f3 Bb7 13. Kh1 e5 14. Nh4
Rfe8 15. Nf5 Bf8 16. fxe5 Rxe5 17. Nh6+ gxh6 18. Bxf6 Nxf6 19. Rxf6 Bg7 20.
Rf4 d5 21. Qf2 Rae8 22. Nf3 Rxe4 23. Bxe4 Qxf4 24. Bc2 Re3 25. Re1 d4 26.
cxd4 Bxd4 27. Rxe3 Bxe3 28. Qe2 Bc5 29. b3 Bc6 30. Qd3 Kf8 31. Qd8+ Kg7 32.
Qd3 f5 33. Qd1 Kf7 34. Qd3 Ke7 35. Qd1 Bd6 36. Qe1+ Be4 37. Bxe4 fxe4 38.
Qh4+ Qxh4 39. Nxh4 Ke6 40. Kg1 Be7 41. g3 Bxh4 42. gxh4 Ke5 43. Kf2 Kf4 44.
a4 h5 45. b4 e3+ 46. Ke2 Ke4 47. b5 axb5 48. axb5 Kd4 49. Ke1 Kd3 50. Kd1
e2+ 51. Ke1 Ke3 52. h3 Kd3 0-1

[Event "4th ch-EU"]
[Site "Liverpool ENG"]
[Date "2008.09.10"]
[Round "2"]
[White "Bennion,D"]
[Black "Cruz Alvarez de Ron,D"]
[Result "0-1"]
[WhiteElo "2063"]
[BlackElo "2278"]
[EventDate "2008.09.09"]

1. d4 Nf6 2. c4 g6 3. Nc3 d5 4. cxd5 Nxd5 5. e4 Nxc3 6. bxc3 c5 7. Be3 Bg7
8. Bc4 O-O 9. Ne2 Nc6 10. O-O Qc7 11. f4 Bg4 12. e5 cxd4 13. cxd4 Nxe5 14.
Bb3 Nc6 15. Rc1 Qd7 16. d5 Na5 17. Re1 Rfd8 18. Rc5 b6 19. Rc2 Nxb3 20.
axb3 e6 21. Qc1 Qxd5 22. Ng3 Qxb3 23. f5 Bxf5 24. Nxf5 exf5 25. Bg5 Re8 26.
Rd1 h6 0-1

[Event "4th ch-EU"]
[Site "Liverpool ENG"]
[Date "2008.09.10"]
[Round "2"]
[White "Paulet,I"]
[Black "O'Rourke,R"]
[Result "1-0"]
[WhiteElo "2275"]
[BlackElo "2062"]
[EventDate "2008.09.09"]

1. f4 c5 2. Nf3 d6 3. g3 Nc6 4. Bg2 Nf6 5. d3 e6 6. O-O Be7 7. e4 Qc7 8. c3
e5 9. h3 O-O 10. Qe1 b5 11. f5 Bb7 12. g4 Nd7 13. g5 Rfe8 14. f6 Bf8 15.
fxg7 Bxg7 16. Nh4 Re6 17. Bf3 c4 18. dxc4 bxc4 19. Bh5 Rf8 20. Bg4 Nc5 21.
Nd2 Nd3 22. Qg3 Nf4 23. Ng2 Rg6 24. Nxc4 Nd4 25. cxd4 Qxc4 26. dxe5 Nxg2
27. Qxg2 Bxe4 28. Qf2 Bxe5 29. Be3 f5 30. Rac1 Qxa2 31. Bf3 Qxb2 32. Be2 d5
33. h4 f4 34. Rcd1 Qb8 35. Bxa7 Qc8 36. Bf3 h6 37. Rxd5 Bxd5 38. Bxd5+ Kh8
39. Qe2 Qc3 40. Bf2 Bg7 41. Qe4 Rd6 42. Re1 Qd2 43. Bc4 Bd4 44. Re2 Qc1+
45. Kh2 Qxc4 46. Rd2 Rfd8 47. gxh6 Qc5 48. Qe7 Qe5 49. Bxd4 1-0

[Event "4th ch-EU"]
[Site "Liverpool ENG"]
[Date "2008.09.10"]
[Round "2"]
[White "Tasker,M"]
[Black "Lasinskas,P"]
[Result "0-1"]
[WhiteElo "2062"]
[BlackElo "2269"]
[EventDate "2008.09.09"]

1. Nf3 c5 2. c4 Nf6 3. Nc3 d5 4. cxd5 Nxd5 5. d4 e6 6. e4 Nxc3 7. bxc3 cxd4
8. cxd4 Bb4+ 9. Bd2 Qa5 10. Be2 Bxd2+ 11. Qxd2 Qxd2+ 12. Kxd2 Nc6 13. Rab1
Ke7 14. Rhc1 Rd8 15. Ke3 f6 16. h4 Na5 17. Rc5 b6 18. Rc7+ Rd7 19. Rbc1 Kd8
20. R7c3 Bb7 21. Nd2 Rc8 22. Bg4 Rxc3+ 23. Rxc3 Re7 24. f3 Bc8 25. Kf2 Rc7
26. Rxc7 Kxc7 27. Ke3 Bd7 28. f4 e5 29. Bxd7 exd4+ 30. Kxd4 Kxd7 31. g4
Nc6+ 32. Kc4 a6 33. a4 Nd8 34. Nb3 Kd6 35. Nd4 Ne6 36. Nxe6 Kxe6 37. Kd4
Kd6 38. Kc4 Kc6 39. h5 Kd6 40. Kb4 Ke6 41. Kc4 g5 42. hxg6 hxg6 43. Kd4 g5
44. f5+ Kd6 45. e5+ fxe5+ 46. Ke4 b5 47. axb5 axb5 0-1

[Event "4th ch-EU"]
[Site "Liverpool ENG"]
[Date "2008.09.10"]
[Round "2"]
[White "Storey,Ch"]
[Black "Wilson,A"]
[Result "1-0"]
[WhiteElo "2268"]
[BlackElo "2059"]
[EventDate "2008.09.09"]

1. e4 e6 2. c4 b6 3. d4 Bb7 4. Nc3 Bb4 5. d5 Qe7 6. Be2 exd5 7. exd5 Nf6 8.
Nf3 O-O 9. O-O d6 10. Bg5 Bxc3 11. bxc3 Nbd7 12. Re1 Rfe8 13. Bd3 Qf8 14.
Nd4 Rxe1+ 15. Qxe1 Re8 16. Qb1 g6 17. a4 Qe7 18. Qc1 Nc5 19. Bf1 Nce4 20.
Bh4 Qe5 21. Nf3 Qf5 22. Bd3 Qd7 23. h3 Kg7 24. Nd4 Nc5 25. Nf5+ gxf5 26.
Qg5+ 1-0

[Event "4th ch-EU"]
[Site "Liverpool ENG"]
[Date "2008.09.10"]
[Round "2"]
[White "Cafolla,P"]
[Black "Calzetta,M"]
[Result "0-1"]
[WhiteElo "2055"]
[BlackElo "2264"]
[EventDate "2008.09.09"]

1. e4 c5 2. Nc3 Nc6 3. g3 g6 4. Bg2 Bg7 5. d3 d6 6. Be3 Nf6 7. h3 O-O 8.
Qd2 Nd4 9. Nce2 e5 10. c3 Ne6 11. f4 exf4 12. gxf4 d5 13. f5 d4 14. Bf2
gxf5 15. exf5 dxc3 16. bxc3 Nc7 17. Bxc5 Re8 18. Nf3 Bxf5 19. Nfd4 Bg6 20.
O-O Ncd5 21. Nf3 Nh5 22. Bd4 Nxc3 23. Nxc3 Bxd4+ 24. Nxd4 Qxd4+ 25. Rf2 Re7
26. Rd1 Rae8 27. Ne4 f5 28. Qc3 Rxe4 29. Qb3+ Bf7 30. dxe4 Qxf2+ 31. Kxf2
Bxb3 32. axb3 fxe4 33. Ke3 Nf6 34. Rd4 Kf7 35. b4 Re5 36. Rc4 Ke6 37. Bf1
Nd5+ 38. Kd4 e3 39. Be2 Nf4 40. Rc2 Nxe2+ 41. Rxe2 Kf5 42. Rxe3 Rxe3 43.
Kxe3 Ke5 44. h4 a6 0-1

[Event "4th ch-EU"]
[Site "Liverpool ENG"]
[Date "2008.09.10"]
[Round "2"]
[White "Zhou,Y"]
[Black "Cannon,Ra"]
[Result "1-0"]
[WhiteElo "2259"]
[BlackElo "2041"]
[EventDate "2008.09.09"]

1. e4 e6 2. d3 d5 3. Qe2 dxe4 4. dxe4 e5 5. Nf3 Nc6 6. c3 Bg4 7. h3 Bh5 8.
Nbd2 Bd6 9. Nc4 Nge7 10. Be3 Bg6 11. Nfd2 O-O 12. h4 f5 13. h5 Bf7 14. Bg5
h6 15. Bxe7 Nxe7 16. exf5 Nxf5 17. Qe4 Qg5 18. Bd3 Qf4 19. Nxd6 1-0

[Event "4th ch-EU"]
[Site "Liverpool ENG"]
[Date "2008.09.10"]
[Round "2"]
[White "Coates,D"]
[Black "Fowler,S"]
[Result "0-1"]
[WhiteElo "2037"]
[BlackElo "2256"]
[EventDate "2008.09.09"]

1. e4 e6 2. d4 d5 3. Nc3 Bb4 4. e5 c5 5. a3 Bxc3+ 6. bxc3 Qa5 7. Bd2 Qa4 8.
Qb1 c4 9. Nf3 Nc6 10. g3 f6 11. Bg2 fxe5 12. dxe5 Nge7 13. O-O O-O 14. Be3
b6 15. Bd4 Bd7 16. Qd1 Be8 17. Ng5 Nd8 18. f4 Bg6 19. Rf2 h6 20. Nf3 Be4
21. Bh3 Rc8 22. Qe2 Ng6 23. Ne1 Rc7 24. Ng2 Rcf7 25. Ne3 Ne7 26. Bg2 Bxg2
27. Rxg2 Nf5 28. Nxf5 Rxf5 29. Rf2 Nc6 30. Rff1 Qa5 31. Qe3 R5f7 32. a4 Qa6
33. Rfb1 Qc8 34. Ra2 Qe8 35. Rba1 Rf5 36. a5 Nxa5 37. Rxa5 bxa5 38. Rxa5
Qh5 39. Ra1 g5 40. Bxa7 gxf4 41. Qb6 0-1

[Event "4th ch-EU"]
[Site "Liverpool ENG"]
[Date "2008.09.10"]
[Round "2"]
[White "Kett,T"]
[Black "Campbell,I"]
[Result "1-0"]
[WhiteElo "2247"]
[BlackElo "2031"]
[EventDate "2008.09.09"]

1. e4 d5 2. exd5 Qxd5 3. Nc3 Qa5 4. d4 Nf6 5. Bc4 c6 6. Bd2 Bf5 7. Nd5 Qd8
8. Nxf6+ gxf6 9. c3 e6 10. Ne2 Nd7 11. Ng3 Bg6 12. Qf3 Nb6 13. Bb3 f5 14.
O-O Be7 15. Rfe1 Qd7 16. a4 Rd8 17. Bh6 a5 18. Nh5 Qc7 19. Rxe6 1-0

[Event "4th ch-EU"]
[Site "Liverpool ENG"]
[Date "2008.09.10"]
[Round "2"]
[White "Fraser Mitchell,J"]
[Black "Naslund,M"]
[Result "1-0"]
[WhiteElo "2018"]
[BlackElo "2243"]
[EventDate "2008.09.09"]

1. d4 Nf6 2. c4 e6 3. Nc3 Bb4 4. Bg5 h6 5. Bh4 c5 6. Rc1 cxd4 7. Qxd4 Nc6
8. Bxf6 Nxd4 9. Bxd8 Kxd8 10. e3 Nc6 11. a3 Bxc3+ 12. Rxc3 b6 13. Nf3 Bb7
14. Be2 Rc8 15. O-O Ke7 16. Rfc1 d6 17. Nd4 Ne5 18. b4 Nd7 19. Bf3 Bxf3 20.
Nxf3 e5 21. Kf1 Rc7 22. e4 Rhc8 23. Ke2 g6 24. Nd2 f5 25. f3 Nf6 26. Kd3
Ke6 27. Nf1 f4 28. Nd2 g5 29. Nb3 Nd7 30. R3c2 h5 31. Nd2 g4 32. Rh1 Rg8
33. Nb1 a5 34. Nc3 axb4 35. axb4 Ra7 36. Nb5 Ra4 37. Kc3 gxf3 38. gxf3 Ke7
39. Kb3 Raa8 40. Rd1 h4 41. Rcd2 h3 42. Rxd6 Nf6 43. Rxb6 Rg2 44. Rb7+ Kf8
45. Rd6 Ne8 46. Rh6 Kg8 47. Rxh3 Raa2 48. c5 Rxh2 49. Rxh2 Rxh2 50. Re7 Nf6
51. c6 1-0